| Tag |
First Indicator |
Second Indicator |
Subfields |
| LEADER |
00000cam a22000001 4500 |
| 001 |
in00000076372 |
| 005 |
20151008052700.0 |
| 008 |
710617s1953 nyua j 00001 eng |
| 010 |
|
|
|a ac 68001284
|
| 035 |
|
|
|a (OCoLC)03276203
|
| 035 |
|
|
|9 AAH4444AM
|
| 040 |
|
|
|a DLC
|c DLC
|d TXA
|d UtOrBLW
|
| 049 |
|
|
|a TXAS
|c [1102743]
|
| 050 |
0 |
0 |
|a PZ7.H368
|b St
|
| 082 |
0 |
|
|a [Fic]
|
| 100 |
1 |
|
|a Heinlein, Robert A.
|q (Robert Anson),
|d 1907-1988.
|
| 245 |
1 |
0 |
|a Starman Jones /
|c illustrated by Clifford Geary.
|
| 264 |
|
1 |
|a New York :
|b Scribner,
|c [1953]
|
| 264 |
|
4 |
|c [©1953]
|
| 300 |
|
|
|a 305 pages :
|b illustrations ;
|c 21 cm.
|
| 336 |
|
|
|a text
|b txt
|2 rdacontent
|
| 337 |
|
|
|a unmediated
|b n
|2 rdamedia
|
| 338 |
|
|
|a volume
|b nc
|2 rdacarrier
|
| 520 |
|
|
|a When his step-mother marries a no-count man, a country lad joins a hobo and together they fake their way into the Space Stewards, Cooks, and Purser's Clerks brotherhood to get an opportunity for space travel in an age when only the wealthy are privileged.
|
| 650 |
|
0 |
|a Science fiction.
|
| 700 |
1 |
|
|a Geary, Clifford N.
|
| 999 |
|
|
|a MARS
|
| 999 |
f |
f |
|s 036cb76f-6184-3719-83ce-a1a45b8cda76
|i 6cf49e14-a9d9-32f9-b859-9d79ae23f9cb
|t 0
|
| 952 |
f |
f |
|p noncirc
|a Texas A&M University
|b College Station
|c Cushing Memorial Library & Archives
|d Cushing: Science Fiction (Does not check out)
|t 0
|e PZ7.H368 St
|h Library of Congress classification
|i unmediated -- volume
|m A14800456371
|
| 998 |
f |
f |
|a PZ7.H368 St
|t 0
|l Cushing: Science Fiction (Does not check out)
|